All Cycle 4 Contestants - Statistics

General Stats
  • This quiz has been taken 6 times
  • The average score is 12 of 50
Answer Stats
Placement Contestant % Correct
1st Metacyde
100%
11th Augie279
83%
16th Kaysar
83%
4th Real Ball
83%
3rd Reselectings
83%
1st Tess
83%
24th Logan
67%
9th Nisen
67%
5th Tanclub
67%
40th Crow
50%
22nd Maddog
50%
7th Roy
50%
18th Athenos
33%
6th Bongcloud
33%
8th Kasnoy
33%
12th Myworld
33%
13th Thymes
33%
20th ACN
17%
42nd Barbie
17%
33rd Brayden
17%
17th Downhill
17%
10th Forever
17%
46th Jax
17%
25th Krevus
17%
23rd Otter
17%
29th Pink Riolu
17%
45th AnEpik
0%
36th Blu
0%
44th Braceletboi
0%
50th Cherry
0%
34th Crystal
0%
26th Duffyturtly
0%
19th Kaek
0%
21st Kenny
0%
49th Lemonlime
0%
47th Mango
0%
30th Monika
0%
31st Nix
0%
27th Qell
0%
15th Random
0%
48th Razor
0%
38th Rigby
0%
32nd Rubbee
0%
35th Switz
0%
28th Table
0%
39th Themathguy
0%
14th Uralic
0%
37th Vrd
0%
43rd XsamX
0%
41st Z8ppy
0%
No matching quizzes found
Score Distribution
Percent of People with Each Score
Percentile by Number Answered
Your Score History
You have not taken this quiz